| 000 | 00808nam a2200205Ia 4500 | ||
|---|---|---|---|
| 008 | 140626s9999 xx 000 0 und d | ||
| 100 | _aRace, David. | ||
| 245 | 4 |
_aThe impact of social policy on changes in professional practice within learning disability services : _b different standards for children and adults? a two-part examination part 2. professional services under the coalition the trends continue apace / _cDavid Race ... [et al.]. |
|
| 260 | _cc2011. | ||
| 300 | _a15 : 4, page 289 | ||
| 440 | _aJournal of Intellectual Disabilities | ||
| 521 | _aSPED | ||
| 650 | _a Professional practice. | ||
| 650 | _aAdult patients. | ||
| 650 | _aChildren. | ||
| 650 | _aDifferent standardization. | ||
| 650 | _aLearning disability services. | ||
| 650 | _aSocial policy changes. | ||
| 942 | _cSE | ||
| 999 |
_c120957 _d120957 |
||